Las aventuras de gordon pym. (Registro nro. 43146)
[ vista simple ]
| 000 -CABECERA | |
|---|---|
| campo de control de longitud fija | 00296nam a2200109 a 4500 |
| 005 - FECHA Y HORA DE LA ÚLTIMA TRANSACCIÓN | |
| campo de control | 20201002044913.0 |
| 008 - DATOS DE LONGITUD FIJA--INFORMACIÓN GENERAL | |
| campo de control de longitud fija | 140402s1970 000 spa d |
| 040 ## - FUENTE DE LA CATALOGACIÓN | |
| Centro catalogador/agencia de origen | DO-SdBNP |
| 100 ## - ENTRADA PRINCIPAL--NOMBRE DE PERSONA | |
| Nombre de persona | Poe, Edgar Allan |
| 9 (RLIN) | 55039 |
| 245 #4 - MENCIÓN DE TÍTULO | |
| Título | Las aventuras de gordon pym. |
| 260 ## - PUBLICACIÓN, DISTRIBUCIÓN, ETC. | |
| Lugar de publicación, distribución, etc. | Madrid -- Libra, |
| Fecha de publicación, distribución, etc. | 1970 -- 179 p. |
No hay ítems disponibles.
